000
00305nam a22001217a 4500
041
_a
ENG
100
_a
Sarkar.T.K
245
_a
Computer Simulation Of plant Response To Soil- Water -Atmospheric In Terction
260
_a
New Delhi
_b
ICER
_c
1981
300
_a
167
650
_a
IDE
856
_u
IDE ( 18 )
999
_c
1507
_d
1507